000 00856nam a22001937a 4500
005 20251108164931.0
008 250721s1995 xx 000 0 ara d
082 1 4 _a651.8/مؤت
100 1 _aالهادي، محمد محمد
_eشارح
111 2 _aالمؤتمر العلمي لنظم المعلومات و تكنولوجيا الحاسبات (1993:1: القاهره)
245 1 0 _aنحو مستقبل أفضل لتكنولوجيا المعلومات في مصر :
_bأبحاث و دراسات المؤتمر العلمي الأول لنظم المعلومات و ... /
264 1 _aالقاهره :
_bالمكتبة الأكاديمية،
_c1995.
300 _a447ص
650 1 7 _aالمعلومات
650 1 7 _aإختزان و إسترجاع المعلومات
650 1 7 _aنظم المعلومات
942 _2ddc
_cBK
999 _c17807
_d17807